<?xml version="1.0" encoding="UTF-8"?>
<record
    xmlns:xsi="http://www.w3.org/2001/XMLSchema-instance"
    xsi:schemaLocation="http://www.loc.gov/MARC21/slim http://www.loc.gov/standards/marcxml/schema/MARC21slim.xsd"
    xmlns="http://www.loc.gov/MARC21/slim">

  <leader>03036cam a22004454i 4500</leader>
  <controlfield tag="003">PE-LiUPU</controlfield>
  <controlfield tag="005">20250731165422.0</controlfield>
  <controlfield tag="008">160112s2014    pe     grm    000 0 spa d</controlfield>
  <datafield tag="035" ind1=" " ind2=" ">
    <subfield code="a">(Sirsi) a155699</subfield>
  </datafield>
  <datafield tag="040" ind1=" " ind2=" ">
    <subfield code="a">PE-LiUPU</subfield>
    <subfield code="b">spa</subfield>
    <subfield code="c">PE-LiUPU</subfield>
    <subfield code="e">rda</subfield>
  </datafield>
  <datafield tag="099" ind1=" " ind2=" ">
    <subfield code="a">TF 3</subfield>
    <subfield code="b">H43 2014</subfield>
  </datafield>
  <datafield tag="100" ind1="1" ind2=" ">
    <subfield code="a">Hern&#xE1;ndez Campos, Joel David</subfield>
    <subfield code="e">autor</subfield>
  </datafield>
  <datafield tag="245" ind1="1" ind2=" ">
    <subfield code="a">Relaci&#xF3;n de la ingeligencia emocional con el rendimiento acad&#xE9;mico del hijo estudiante de educaci&#xF3;n secundaria del Colegio Adventista de Villavicencio, Colombia, 2012 /</subfield>
    <subfield code="c">Joel David Hern&#xE1;ndez Campos.</subfield>
  </datafield>
  <datafield tag="264" ind1=" " ind2="0">
    <subfield code="c">2014.</subfield>
  </datafield>
  <datafield tag="300" ind1=" " ind2=" ">
    <subfield code="a">125 hojas </subfield>
    <subfield code="c">30 cm</subfield>
  </datafield>
  <datafield tag="336" ind1=" " ind2=" ">
    <subfield code="a">text</subfield>
    <subfield code="2">rdacontent</subfield>
  </datafield>
  <datafield tag="337" ind1=" " ind2=" ">
    <subfield code="a">unmediated</subfield>
    <subfield code="2">rdamedia</subfield>
  </datafield>
  <datafield tag="338" ind1=" " ind2=" ">
    <subfield code="a">volume</subfield>
    <subfield code="2">rdacarrier</subfield>
  </datafield>
  <datafield tag="502" ind1=" " ind2=" ">
    <subfield code="a">Tesis</subfield>
    <subfield code="b">(Mg.) -- </subfield>
    <subfield code="c">Universidad Peruana Uni&#xF3;n,</subfield>
    <subfield code="d">2014.</subfield>
  </datafield>
  <datafield tag="504" ind1=" " ind2=" ">
    <subfield code="a">Incluye bibliograf&#xED;a</subfield>
  </datafield>
  <datafield tag="520" ind1="3" ind2=" ">
    <subfield code="a">El objetivo de este estudio es investigar si la inteligencia emocional es factor predictivo del rendimiento acad&#xE9;mico de los hijos estudiantes de secundaria del Colegio Adventista de Villavicencio, Colombia, 2012. La presente investigaci&#xF3;n es de tipo b&#xE1;sico te&#xF3;rico, de naturaleza descriptiva, correlacional, de dise&#xF1;o no experimental y de corte transversal. La muestra que est&#xE1; conformada por 133 estudiantes, es probabil&#xED;stica, de tipo estratificada. Para la recolecci&#xF3;n de los datos se aplic&#xF3; el test de Reuven Bar-On, EQ-i:YVtm Emoticonal Quotient Inventory: Youth Version, traducido al castellano, validado y estandarizado con el nombre de Bar-On ICE NA: Inventario de inteligencia emocional para ni&#xF1;os y adolescentes por el equipo multidisplinar de Nelly Ugarrizza y Liz Pajares. La fiabilidad global del inventario y sus componentes se valor&#xF3; calculando el &#xED;ndice de la consistencia interna mediante el coeficiente Alfa de Crobach. Las calificaciones de los grados sexto a und&#xE9;cimo se tomaron del informe descriptivo valorativo anual 2012 provisto por el colegio. Los datos recogidos se analizaron usando la t&#xE9;cnica Tau b de Kendall a trav&#xE9;s del programa estad&#xED;stico SPSS 20. Como resultado se encontr&#xF3; un coeficiente = .143, lo que se&#xF1;ala una correlaci&#xF3;n muy d&#xE9;bil y el valor de p= .067&gt;.05 (p&gt;a) lo que indica una correlaci&#xF3;n de direcci&#xF3;n positiva no significativa entre las variables. Se concluye que, en esta muestra, la inteligencia emocional es un factor poco predictor del &#xE9;xito del rendimiento acad&#xE9;mico, por eso se rechaza la hip&#xF3;tesis alterna y se acepta la hip&#xF3;tesis nula.</subfield>
  </datafield>
  <datafield tag="526" ind1=" " ind2=" ">
    <subfield code="a">SEG44</subfield>
  </datafield>
  <datafield tag="526" ind1=" " ind2=" ">
    <subfield code="a">SEG26</subfield>
  </datafield>
  <datafield tag="526" ind1=" " ind2=" ">
    <subfield code="a">P151</subfield>
  </datafield>
  <datafield tag="526" ind1=" " ind2=" ">
    <subfield code="a">P150</subfield>
  </datafield>
  <datafield tag="526" ind1=" " ind2=" ">
    <subfield code="a">P149</subfield>
  </datafield>
  <datafield tag="526" ind1=" " ind2=" ">
    <subfield code="a">P146</subfield>
  </datafield>
  <datafield tag="526" ind1=" " ind2=" ">
    <subfield code="a">P145</subfield>
  </datafield>
  <datafield tag="526" ind1=" " ind2=" ">
    <subfield code="a">P126</subfield>
  </datafield>
  <datafield tag="526" ind1=" " ind2=" ">
    <subfield code="a">P125</subfield>
  </datafield>
  <datafield tag="526" ind1=" " ind2=" ">
    <subfield code="a">P92</subfield>
  </datafield>
  <datafield tag="526" ind1=" " ind2=" ">
    <subfield code="a">P75</subfield>
  </datafield>
  <datafield tag="526" ind1=" " ind2=" ">
    <subfield code="a">P74</subfield>
  </datafield>
  <datafield tag="526" ind1=" " ind2=" ">
    <subfield code="a">P27</subfield>
  </datafield>
  <datafield tag="526" ind1=" " ind2=" ">
    <subfield code="a">P15</subfield>
  </datafield>
  <datafield tag="596" ind1=" " ind2=" ">
    <subfield code="a">1</subfield>
  </datafield>
  <datafield tag="650" ind1="0" ind2="4">
    <subfield code="a">Inteligencia emocional</subfield>
    <subfield code="x">Rendimiendo acad&#xE9;mico</subfield>
    <subfield code="x">Educaci&#xF3;n secundaria</subfield>
    <subfield code="v">Tesis.</subfield>
  </datafield>
  <datafield tag="942" ind1=" " ind2=" ">
    <subfield code="2">ddc</subfield>
    <subfield code="c">TESIS</subfield>
  </datafield>
  <datafield tag="999" ind1=" " ind2=" ">
    <subfield code="a">TF 3 H43 2014</subfield>
    <subfield code="w">ALPHANUM</subfield>
    <subfield code="c">8373</subfield>
    <subfield code="i">T01562</subfield>
    <subfield code="l">CCODEBUL3</subfield>
    <subfield code="m">BUL</subfield>
    <subfield code="r">1</subfield>
    <subfield code="s">Y</subfield>
    <subfield code="t">TESIS</subfield>
    <subfield code="u">2016-1-12</subfield>
    <subfield code="x">POSGRADO</subfield>
    <subfield code="P">P54</subfield>
    <subfield code="o">.STAFF. Tesis</subfield>
    <subfield code="d">8373</subfield>
  </datafield>
  <datafield tag="980" ind1=" " ind2=" ">
    <subfield code="8">1</subfield>
    <subfield code="g">ALBERTO SANCHEZ Responsable de Automatizaci&#xF3;n</subfield>
  </datafield>
  <datafield tag="952" ind1=" " ind2=" ">
    <subfield code="r">2023-11-13 00:00:00</subfield>
    <subfield code="l">0</subfield>
    <subfield code="o">TF 3 H43 2014</subfield>
    <subfield code="p">T01562</subfield>
    <subfield code="t">e1</subfield>
    <subfield code="w">2016-01-12</subfield>
    <subfield code="x">PG</subfield>
    <subfield code="y">TESIS</subfield>
    <subfield code="z">Este &#xCD;tem NO se presta por ser Ejemplar #1.</subfield>
    <subfield code="1">0</subfield>
    <subfield code="2">ddc</subfield>
    <subfield code="7">1</subfield>
    <subfield code="8">TESIS</subfield>
    <subfield code="f">P54</subfield>
    <subfield code="a">BUL</subfield>
    <subfield code="b">BUL</subfield>
    <subfield code="c">TESIS</subfield>
    <subfield code="d">2016-01-12</subfield>
  </datafield>
</record>
